Feathers from domestic and wild fowl / (Record no. 11064)

MARC details
000 -LEADER
fixed length control field 01074cam a22003251a 4500
001 - CONTROL NUMBER
control field agr49000555
003 - CONTROL NUMBER IDENTIFIER
control field DLC
005 - DATE AND TIME OF LATEST TRANSACTION
control field 20260227111012.0
008 - FIXED-LENGTH DATA ELEMENTS--GENERAL INFORMATION
fixed length control field 850710s1949 dcua b f000 0 eng c
010 ## - LIBRARY OF CONGRESS CONTROL NUMBER
LC control number agr49000555
035 ## - SYSTEM CONTROL NUMBER
System control number (OCoLC)12250233
040 ## - CATALOGING SOURCE
Original cataloging agency U.S. Dept. of Agr. Libr.
Transcribing agency DSI
Modifying agency DNAL
-- DLC
042 ## - AUTHENTICATION CODE
Authentication code premarc
050 00 - LIBRARY OF CONGRESS CALL NUMBER
Classification number TS2301.F4
Item number H3
070 0# - NATIONAL AGRICULTURAL LIBRARY CALL NUMBER
Classification number 1
Item number Ag84C no.803
072 0# - SUBJECT CATEGORY CODE
Subject category code P000
-- L100
082 ## - DEWEY DECIMAL CLASSIFICATION NUMBER
Classification number 636.514
100 1# - MAIN ENTRY--PERSONAL NAME
Personal name Hardy, J. I.
245 10 - TITLE STATEMENT
Title Feathers from domestic and wild fowl /
Statement of responsibility, etc. by John I. Hardy and Thora M. Plitt Hardy.
260 ## - PUBLICATION, DISTRIBUTION, ETC.
Place of publication, distribution, etc. Washington, D.C. :
Name of publisher, distributor, etc. U.S. Dept. of Agriculture,
Date of publication, distribution, etc. 1949.
300 ## - PHYSICAL DESCRIPTION
Extent 28 p. :
Other physical details ill. ;
Dimensions 23 cm.
490 1# - SERIES STATEMENT
Series statement Circular / United States Department of Agriculture ;
Volume/sequential designation no. 803
500 ## - GENERAL NOTE
General note Caption title.
500 ## - GENERAL NOTE
General note Contribution from Bureau of Animal Industry.
504 ## - BIBLIOGRAPHY, ETC. NOTE
Bibliography, etc. note Bibliography: p. 27-28.
650 #0 - SUBJECT ADDED ENTRY--TOPICAL TERM
Topical term or geographic name entry element Feathers.
650 #0 - SUBJECT ADDED ENTRY--TOPICAL TERM
Topical term or geographic name entry element Feather industry.
700 1# - ADDED ENTRY--PERSONAL NAME
Personal name Hardy, Thora Marggraff Plitt,
Dates associated with a name 1902-
830 #0 - SERIES ADDED ENTRY--UNIFORM TITLE
Uniform title Circular (United States. Department of Agriculture) ;
Volume/sequential designation no. 803.

No items available.

Powered by Koha